| 000 | 00499nam a2200157 a 4500 | ||
|---|---|---|---|
| 001 | 000029480 | ||
| 005 | 20200930055600.0 | ||
| 008 | 110415s2008 dr a 000 0 spa d | ||
| 040 |
_aDO-SdBNP _bspa _cBNPHU |
||
| 082 |
_axxx _bR426o |
||
| 110 | 1 |
_aSecretaría de Estado de Educación. _912759 |
|
| 245 | 1 | 0 |
_aInforme gestión 2004-2008 : _bOficina de cooperacón Internacional/. |
| 260 |
_aSanto Domingo : _bGestión Educativo 2004-2008, _c2008. |
||
| 300 |
_a139 p. : _bil. ; _c25 cm. |
||
| 049 | _aBNPD | ||
| 999 |
_c28972 _d28972 |
||